Hungary in a new Europe : the policy paper on the Hungarian government's modernisation programme.

Bibliographic Details
Format: Book
Published: Budapest: Project Office for Modernisation and Euroatlantic Intergation, 1997.
Subjects:
LEADER 00530cam a2200157 7i4500
001 0000005694
005 19991025090000.0
002 ##000007335
020 0 0 |a T000005707  
090 0 0 |a HUNG 352.367   |b HUN 
245 0 0 |a Hungary in a new Europe :   |b the policy paper on the Hungarian government's modernisation programme. 
260 0 0 |a Budapest:   |b Project Office for Modernisation and Euroatlantic Intergation,   |c 1997. 
300 0 0 |a 224 p.. 
650 0 0 |a Modernism  
651 0 0 |a Hungary  
999 |a 0000008637  |b Book  |c Open shelf  |e Business Information Centre